Fast Typing #1 Animals - Statistics

General Stats
  • This quiz has been taken 596 times
  • The average score is 7 of 15
Answer Stats
Picture Answer % Correct
Lion
96%
Dog
91%
Cat
89%
Goat
76%
Horse
76%
Bird
65%
Fish
51%
Swan
51%
Rabbit
43%
Hamster
24%
Squirrel
23%
Gorilla
19%
Giraffe
13%
Deer
11%
Rhino
7%
No matching quizzes found
Score Distribution
Percent of People with Each Score
Percentile by Number Answered
Your Score History
You have not taken this quiz